Tinh hoa văn hóa Bến Tre

Giới thiệu khái quát về đất và con người Bến Tre. Phác hoạ bức tranh các giá trị văn hoá truyền thống với những nét chấm phá đặc sắc là đình làng với những tín ngưỡng và lễ hội, nghề truyền thống, văn hoá ẩm thực của Bến Tre nhu...

Descripción completa

Guardado en:
Detalles Bibliográficos
Autor principal: Lư Hội
Formato: Libro
Lenguaje:Undetermined
Publicado: Hà Nội Lao động 2012
Etiquetas: Agregar Etiqueta
Sin Etiquetas, Sea el primero en etiquetar este registro!
Thư viện lưu trữ: Trung tâm Học liệu Trường Đại học Cần Thơ
LEADER 00950nam a2200181Ia 4500
001 CTU_189329
008 210402s9999 xx 000 0 und d
082 |a 390.09597 
082 |b L550 
100 |a Lư Hội 
245 0 |a Tinh hoa văn hóa Bến Tre 
245 0 |c Lư Hội, Xuân Quang 
260 |a Hà Nội 
260 |b Lao động 
260 |c 2012 
520 |a Giới thiệu khái quát về đất và con người Bến Tre. Phác hoạ bức tranh các giá trị văn hoá truyền thống với những nét chấm phá đặc sắc là đình làng với những tín ngưỡng và lễ hội, nghề truyền thống, văn hoá ẩm thực của Bến Tre như bánh tráng Mỹ Lồng, bánh phồng Sơn Đốc, bánh dừa Giồng Lương... 
904 |i Giang 
980 |a Trung tâm Học liệu Trường Đại học Cần Thơ